LEADER 00862nam a2200181 i 4500 001 000000214338 003 CaOOAMICUS 005 20120709000000.0 008 120709s1905 xx u000 u lat u 013 $a193209 040 $aSeMil$bita 245 10$aContinens tractatus De Poenitentia, de Extrema Untione, de Ordine Sacro et Irregularitatibus, de Matrimonio et de Censuris. 300 $a711 p. 650 4$aTeologia morale.$0(OLS)http://semarc/subject/91 773 0 $aBerardi, Emilio$tTheologia moralis theorico-practica.$dFaventiae : Novelli & Castellani, 1904-1905.$gVol.5$w()27046 850 $aSeMil 852 $aSeMil$W1$xVenegono$y1$m2E III 69$j164762$B164762$CSeMilBibl$Z2$F175734 $81 996 $6245$aContinens tractatus De Poenitentia, de Extrema Untione, de Ordine Sacro et Irregularitatibus, de Matrimonio et de Censuris$9(OLS)http://semarc/title/308821 LEADER 01237nam a2200205 i 4500 001 000000091753 003 CaOOAMICUS 005 20160208000000.0 008 160208s1844 it u000 u ita u 013 $a63995 040 $aSeMil$bita 100 1 $aIgnazio : del Costato di Gesł.$0(OLS)http://semarc/name/40954 245 10$aVita del venerabile servo di Dio monsignor Vincenzo Maria Strambi della Congregazione de' passionisti, vescovo di Macerata e Tolentino :$bestratta fedelmente dai processi ordinari /$cdal padre Ignazio del Costato di Gesł. 260 $aRoma :$bCoi tipi della Sagra Congregazione de Propaganda Fide,$c1844. 300 $aXII, 514 p., [1] c. di tav. :$bill. ;$c28 cm. 600 14$aStrambi, Vincenzo Maria .$0(OLS)http://semarc/subject/5830 850 $aSeMil 852 $aSeMil$W1$xVenegono$y1$m3H V 31 FA$j54702$B54702$CSeMilBibl$Z2$F59354 $8I 996 $6245$aVita del venerabile servo di Dio monsignor Vincenzo Maria Strambi della Congregazione de' passionisti, vescovo di Macerata e Tolentino :$bestratta fedelmente dai processi ordinari$9(OLS)http://semarc/title/137918 996 $6260$aRoma :$bCoi tipi della Sagra Congregazione de Propaganda Fide$9(OLS)http://semarc/publisher/43888